000 00519nam a2200217 a 4500
999 _c6372
_d6372
001 6372
003 BD-JhCC
005 20180122161459.0
008 180122s1983 u |||| || | 001 0 eng d
035 _a(BD-JhCC)6372
040 _aBD-JhCC
_dBD-JhCC
041 _aeng
082 _a297.1227
_bALI 1983
100 _aAli, A. Yusuf
245 _aThe Holy Qur'an /
_cA. Yusuf Ali,
260 _aUSA :
_bAmana Corp.
_c1983
300 _a1862 p. :
_c24 cm.
650 _aAl-Qur'an
942 _2ddc
_cBK